The Legal Impact of Quitus Fiscal Exoneration

Detalles Bibliográficos
Autor principal: Kato Munyaneza, Silvan
Formato: eBook
Lenguaje:inglés
Publicado: Kigali: Éditions Universitaires Europěnes, 2019
Materias:
Acceso en línea:Acceso restringido

MARC

LEADER 00000nam a22000007a 4500
005 20190918222458.0
007 cr|||| ||||
008 190918s2019 rw |||||s|||| 00||0 eng d
020 |a 9786138476979 
035 |a 28855 
040 |a vLex 
090 |c 9565  |d 9565 
100 1 |a Kato Munyaneza, Silvan 
245 1 3 |a  The Legal Impact of Quitus Fiscal Exoneration  |h [Recurso electrn̤ico] /  |c Silvan Kato Munyaneza 
256 |a Servicio en ln̕ea 
260 |a Kigali:  |b Éditions Universitaires Europěnes,  |c 2019 
300 |a 1 recurso electrn̤ico 
500 |a Rwanda's economic development is a turning point. This is most evidenced in the Governments efforts and commitment to reduce poverty and private business activities through what is known as liberalization of Trade, which means that the aim is to promote free trade among businessmen and hence the tax payers will have to pay tax to maximize their country's economy, Rwanda's domestic industries, importation of goods. Services and income on properties and employment must be the main dynamic force for development because direct and indirect taxes are the main sources of income for business. Business has to generate income of which taxes to the Government must be paid. This however, has to face a major constraint oriented to many tax payers. Many do not know the opportunity that was set out by the Government to help tax payers most especially the small and medium taxpayers that the system of quitus fiscal came into existence to uplift the taxpayers standards financially and at the some time be compliant to the RRA because a taxpayer is a customer and partner. Most important laws attached to this system is not enough and what exists include article 51 of Direct income on taxes. 
506 1 |a Disponible solo en los productos indicados  |d vLex Global  |d vLex Global (Academic Edition, excluding Law Schools)  |d vLex Global (U.S. Academic Edition, Law Schools)  |d vLex Global (U.S. Academic Edition, excluding Law Schools)  |d vLex Global (Academic Edition, Law Schools) 
650 0 4 |a Derecho Fiscal  |z Ruanda 
740 0 |a vLex Libros (Servicio en ln̕ea) 
856 4 0 |u http://vlex.com/source/28855  |z Acceso restringido 
942 |c BOOK 
999 0 |a Tax Law